Loading...
| Fine Arts - Classical Music | 0 | 10 | 0 | 1 | 100 | 32 | 56.80 | 5 | 8 |
| Mythology | 0 | 7 | 0 | 0 | 70 | 16 | 42.29 | 2 | 6 |
| Literature - British Literature | 0 | 7 | 0 | 1 | 70 | 43 | 82.86 | 1 | 3 |
| Religion | 0 | 7 | 0 | 0 | 70 | 22 | 66.29 | 2 | 6 |
| History - World History | 0 | 7 | 0 | 1 | 70 | 24 | 50.86 | 1 | 5 |
| Philosophy | 0 | 6 | 0 | 1 | 60 | 71 | 91.17 | 0 | 2 |
| Science - Biology | 0 | 6 | 0 | 0 | 60 | 29 | 52.17 | 1 | 6 |
| Literature - European Literature | 0 | 5 | 0 | 0 | 50 | 62 | 82.80 | 0 | 3 |
| Painting/Sculpture | 0 | 5 | 0 | 1 | 50 | 36 | 70.60 | 1 | 4 |
| Science - Other Science | 0 | 5 | 1 | 1 | 45 | 26 | 62.80 | 1 | 3 |
| Fine Arts - Other Fine Arts | 0 | 5 | 1 | 1 | 45 | 25 | 65.00 | 2 | 2 |
| Science - Physics | 0 | 4 | 0 | 2 | 40 | 62 | 86.00 | 0 | 0 |
| History - Other History | 0 | 4 | 1 | 0 | 35 | 14 | 56.25 | 0 | 3 |
| Literature - World Literature | 0 | 4 | 1 | 0 | 35 | 49 | 63.50 | 1 | 3 |
| Literature - American Literature | 0 | 3 | 0 | 0 | 30 | 76 | 98.00 | 0 | 0 |
| History - American History | 0 | 2 | 0 | 0 | 20 | 58 | 61.50 | 0 | 1 |
| Geography | 0 | 2 | 0 | 1 | 20 | 48 | 76.50 | 1 | 1 |
| Science - Chemistry | 0 | 2 | 0 | 0 | 20 | 49 | 51.50 | 0 | 2 |
| Current Events | 0 | 2 | 1 | 0 | 15 | 40 | 41.00 | 1 | 2 |
| Social Science | 0 | 1 | 0 | 0 | 10 | 59 | 59.00 | 0 | 1 |